000 00397cam a2200157ua 4500
003 OSt
008 241223b |||||||| |||| 00| 0 eng d
041 _aeng
082 _a621.313
_bHAR/EL
100 _aHarrabin, F .
_96535
245 _aEletric motors and generators : illustarted /
250 _a1 /
260 _aMumbai :
_bAsia Publishing House ,
_c1953.
300 _a384 ; .
942 _cBK
999 _c1927
_d1927